| 000 | 00884nas a22002297a 4500 | ||
|---|---|---|---|
| 001 | 216222629 | ||
| 003 | UA-OsUOA | ||
| 005 | 20220725130251.0 | ||
| 007 | ta | ||
| 008 | 220725d un |||p| |||| 00| 0 ukr d | ||
| 040 |
_aUA-OsUOA _bukr _cUA-OsUOA _dUA-OsUOA |
||
| 041 | _aukr | ||
| 080 | _a02029494 | ||
| 090 |
_a81 _bП68 |
||
| 110 | _aЛьвівський державний університет | ||
| 245 |
_aПроблеми слов'янознавства _bреспубліканський міжвідомчий науковий збірник _cза ред. Д. С. Карпин |
||
| 260 |
_aЛьвів _bВмща школа |
||
| 650 |
_2UDC _a81 Лінгвістика. Мовознавство. Мови |
||
| 942 |
_2udc _cMG _s1 |
||
| 962 | _d1970 | ||
| 999 |
_c572792 _d572792 |
||